00606nam a22002177a 450000500170000001000130001702000230003003500130005303700160006604000120008208200170009410000190011124500610013025000110019126000460020227000480024830000310029665000220032765000150034970000240036420170124110202.0 aA-939371 a8120313011c175.00 aA-939371 bCen Lib/Ret aDPLbEN a005.369bMAL aMaloney, Eric  aFront page 97 cby Eric Maloney [and] Joshua C. Nossiter a6th ed a New DelhibPrentice hall of India c1998 aM-97, Connaught circus b New Delhie110001 avarious pagings c21cm(Hb) aComputer science  aWeb pages  aNossiter, Joshua C.